00967nam a2200241 i 450000100060000000300090000600500170001500700030003200800410003502000180007608000230009408000220011710000380013924501670017726000380034430000220038260000560040460000550046070000380051585200330055399900170058695201220060377959ES-MaACL20230906173457.0t|041116s2003 sp ||||1| spa d a84-8472-110-8 a929 Reyes, Alfonso a929 Cernuda, Luis1 aReyes, Alfonso,d1889-195999655410aPáginas sobre una poesía b: correspondencia Alfonso Reyes y Luis Cernuda : [1932-1959] / ccompilación, introducción y notas de Alberto Enríquez Perea. aSevilla : bRenacimiento, c2003. a206 p. ; c24 cm.14aReyes, Alfonso,d1889-1959-vCorrespondencia99655614aCernuda, Luis,d1902-1963-xCorrespondencia9375321 aEnríquez Perea, Alberto.947291 aES-MaACLjL-28455 bR.134300 c77959d77959 00104070aATENEOMbATENEOMcDEPO2d2008-01-17eSCl0oL-28455p1081556r2023-02-23 00:00:00w2023-02-23yMONOGRAFIA